000 00571cam a22002052a 4500
001 013536
003 AR-FADEU
008 311216n1982####xxu####################dd
020 _a84-206-8051-6
092 _a302.5
_bH296
_ePRODO
100 _aHarré, Rom
245 _aEl ser social : una teoría para la psicología social
260 _aBuenos Aires
260 _bAlianza
260 _c1982
300 _a425 p
440 _aAlianza universidad textos
_n51
650 _aPSICOLOGIA SOCIAL; ACCION SOCIAL; INDIVIDUO; CAMBIO SOCIAL/DO33//PRODO/
942 _cINVE
999 _c19303
_d19303